[Event "Colombo Golden Jubilee op"]
[Site "Colombo"]
[Date "2022.11.26"]
[Round "6"]
[White "Ganepola, Thushanu Yasmith"]
[Black "Weerasekara, Dishal Nimsara"]
[Result "1-0"]
[WhiteElo "1124"]
[BlackElo "1776"]
[PlyCount "91"]
[EventDate "2022.11.23"]
[EventType "swiss"]
[EventRounds "9"]
[EventCountry "SRI"]
[SourceTitle "CBM 211 Extra"]
[Source "ChessBase"]
[SourceDate "2023.01.31"]
[SourceVersion "1"]
[SourceVersionDate "2023.01.31"]
[SourceQuality "1"]

1. d4 Nf6 2. Nf3 c6 3. Bf4 d6 4. e3 Qb6 5. b3 Nh5 6. Bg3 g6 7. Bd3 Bg7 8. 0-0 Nxg3 9. hxg3 0-0 10. c4 c5 11. Nc3 Nc6 12. Be2 Bg4 13. Qd3 Bxf3 14. Bxf3 cxd4 15. Na4 Qc7 16. Bxc6 bxc6 17. exd4 c5 18. dxc5 Bxa1 19. cxd6 Rfd8 20. dxc7 Rxd3 21. Rxa1 Rc8 22. Kf1 Rxc7 23. Re1 Kf8 24. Nb2 Rd2 25. Re2 Rcd7 26. Ke1 R2d4 27. a3 a5 28. f3 Rb7 29. Re3 Ke8 30. Rc3 e5 31. Ke2 f5 32. Ke3 Rd8 33. Nd3 Re7 34. Nf2 h5 35. b4 axb4 36. axb4 f4+ 37. gxf4 exf4+ 38. Kxf4 Rd2 39. Ne4 Rxg2 40. c5 Kd7 41. c6+ Kc7 42. Rc5 h4 43. Nc3 Kd6 44. Nb5+ Ke6 45. c7 Re8 46. Re5+ 1-0